00000000nam##2200000za#4500
0019.613634
003CaOODSP
00520211126112847
007ta
008150406|1997||||xxc|||||     f|0| 0 eng|d
020 |a0-662-25462-7
022 |a1192-5434
040 |aCaOODSP|beng
043 |an-cn---
0861 |aFB3-2/97-5E
1102 |aBank of Canada.
24512|aA comparison of alternative methodologies for estimating potential output and the output gap / |cby Chantal Dupasquier et al.
260 |aOttawa - Ontario : |bBank of Canada |c1997.
300 |a19p. : |bgraphs ; |c28 cm.
4901 |aWorking paper|x1192-5434|v97-5
500 |a"In this paper, the authors survey some of the recent techniques proposed in the literature to measure the trend component or potential output.... The paper focuses on three simple multivariate methodologies: the multivariate Beveridge-Nelson methodology (MBN), Cochrane's methodology (CO), and the structural VAR methodology with long-run restrictions applied to output (LRRO). The foundation of these methodologies is first discussed and then applications to U.S. output and consumption data are considered."--Abstract.
504 |aBibliography.
5203 |aIn this paper, the authors survey some of the recent techniques proposed in the literature to measure the trend component or potential output.... The paper focuses on three simple multivariate methodologies: the multivariate Beveridge-Nelson methodology (MBN), Cochrane's methodology (CO), and the structural VAR methodology with long-run restrictions applied to output (LRRO). The foundation of these methodologies is first discussed and then applications to U.S. output and consumption data are considered.--Abstract
546 |aRésumés en français
563 |aSoftcover
590 |a97-11|b1997-03-14
69007|aEconomy|2gcpds
7201 |aDupasquier, Chantal
7760#|tA comparison of alternative methodologies for estimating potential output and the output gap / |w(CaOODSP)9.571672
830#0|aWorking paper,|x1192-5434|v97-5|w(CaOODSP)9.514622